000 00813nam a22002297a 4500
003 UA-OsUOA
001 44351
007 ta
008 20101012b un ||||| |||| 00| 0 ukr d
090 _a82...А/Я3
_bП36
942 _cBK
040 _aUA-OsUOA
_bukr
_cUA-OsUOA
_dUA-OsUOA
245 _aПід синіми бескидами
_bАнтологія поезії та малої прози українських письменників Словаччини
300 _a559 с.
955 _a3
041 _aukr
080 _a82...А/Я3
260 _aУжгород
_bЗакарпаття
_c2006
650 7 _a82 Література. Літературознавство
_2UDC
999 _c424414
_d424414